| 000 | 00472cam a2200181ua 4500 | ||
|---|---|---|---|
| 001 | 5665 | ||
| 008 | 131007n ii |||gr||||Z||||||eng | ||
| 040 | _cMAIN | ||
| 082 | _a954.162 | ||
| 245 | 1 | 1 |
_aEarly History of Kamarupa _cBy Rai K.L. Barua Bahadur |
| 250 | _a2nd ed. | ||
| 260 |
_aGuwahati: _bLawyers Book Stall, _c1966. |
||
| 300 | _ax,231p. | ||
| 653 | _aHistory | ||
| 653 | _aEarly History of Kamarupa | ||
| 700 | 1 |
_aBarua Bahadur,Rai K.L., _eAuthor., |
|
| 942 | _cBK | ||
| 999 |
_c4824 _d4824 |
||